| 000 | 01063nam a2200253Ia 4500 | ||
|---|---|---|---|
| 001 | 11511 | ||
| 003 | GE_BSU | ||
| 008 | 181216s||||||||xx |||||||||||||| ||und|| | ||
| 040 | _cGE_BSU | ||
| 080 | _a63:54(076.5)+631.8(076.5) | ||
| 100 | _aსარიშვილი,ი; ა.მენაღარიშვილი; ბ.ვერასიმოვი. | ||
| 245 | _aაგროქიმიის პრაქტიკუმის სახელმძღვანელო. | ||
| 245 | _bაგროქიმიის კვლევის მეთოდები. | ||
| 245 | _cრედ:ა.მენაღარიშვილი. | ||
| 250 | _aმე–5 შევსებ. და შესწორ.გამოც. | ||
| 260 | _aთბილისი. | ||
| 260 | _bცოდნა. | ||
| 260 | _c1963. | ||
| 300 | _a411გვ;25სმ. | ||
| 300 | _eილ. | ||
| 653 | _aაგროქიმია | ||
| 653 | _aაგროქიმიის პრაქტიკუმის სახელმძღვანელო. | ||
| 942 | _cBK | ||
| 999 |
_c44706 _d44706 |
||